| 000 | 01472nam a22002057a 4500 | ||
|---|---|---|---|
| 005 | 20230128112843.0 | ||
| 008 | 230128b ||||| |||| 00| 0 eng d | ||
| 040 | _cAL | ||
| 041 | _aeng | ||
| 082 |
_223 _a954.035 _bANAH |
||
| 100 |
_aMulk Raj Anand Ed _970083 |
||
| 245 | _aHistoric trial of Mahatma Gandhi | ||
| 260 |
_aNew Delhi _bNational Council of Educational Research and Training _c1987 |
||
| 300 |
_aix,51p, _bHB _c22x14cm. |
||
| 520 | _aThis volume is produced from digital images created through the University of Michigan University Library's large-scale digitization efforts. The Library seeks to preserve the intellectual content of items in a manner that facilitates and promotes a variety of uses. The digital reformatting process results in an electronic version of the original text that can be both accessed online and used to create new print copies. The Library also understands and values the usefulness of print and makes reprints available to the public whenever possible. This book and hundreds of thousands of others can be found in the HathiTrust, an archive of the digitized collections of many great research libraries. For access to the University of Michigan Library's digital collections, please see http://www.lib.umich.edu and for information about the HathiTrust, please visit http://www.hathitrust.org | ||
| 650 |
_aIndian History _970084 |
||
| 650 |
_aBiography _970085 |
||
| 700 |
_aANAND (Mulk Raj) Ed _970086 |
||
| 942 |
_2ddc _cDB |
||
| 999 |
_c226465 _d226465 |
||